000 01547nam2a22002531 4500
001 RU\NLR\INFOCOMM16\1000027901
005 20250617160501.0
035 _a(NLR Aleph) 002763098
090 _a2249935
_c2249935
100 _a20040212d1958 |||y0rusy50 ca
101 0 _arus
102 _aRU
105 _ay |||||||||
200 1 _aПрименение проволочных датчиков для измерения напряженного состояния тоннельных обделок и изучения параметров механизированных щитов
_fВ.Л. Бурнштейн
_g(Центр. лаборатория по испытанию конструкций и материалов)
210 _d1958
_aБ. м.
461 0 _1001RU\NLR\INFOCOMM16\1000027783
_12001#$aСообщение$fМинтрансстрой СССР. Всесоюз. науч.-исслед. ин-т транспортного строительства$v№115
_92248950
_aВсесоюзный научно-исследовательский институт транспортного строительства
_cМ.
_d1950-
_fМинтрансстрой СССР. Всесоюз. науч.-исслед. ин-т транспортного строительства
_nТрансжелдориздат
_tСообщение
_v№115
700 1 _aБурнштейн
_bВ.Л.
_4070
801 1 _aRU
_bInfoComm
_c20040212
801 0 _aRU
_bNLR
_gPSBO
852 _aNLR
_jП10/936
942 _cISSUE
980 _aNB
980 _aRUSPER